| 000 | 00774nam a2200253 a 4500 | ||
|---|---|---|---|
| 001 | 25817 | ||
| 003 | CO-ViMGA | ||
| 008 | 141112s2004 ck r 000 u spa d | ||
| 020 | _a9789584237255 | ||
| 040 |
_aCO-ViMGA _bspa _cCO-ViMGA |
||
| 041 | _aSPA | ||
| 090 | _aN MAH2 | ||
| 100 | 1 |
_aMahfuz, Naguib, 1911 - 2006 _940050 |
|
| 245 | 1 | 0 |
_aLas noches de las mil y una noches / _cNagub Mahfuz ; traducción de Ma. Luisa Prieto |
| 250 | _a1a ed. | ||
| 260 |
_aBogotá : _bMartínez Roca, _c2013 |
||
| 300 | _a380 p. | ||
| 500 | _aTítulo original : Layali alf layla | ||
| 610 |
_aPREMIO NOBEL DE LITERATURA, 1988 _940051 |
||
| 650 | 1 | 4 |
_aAUTORES EGIPCIOS _940052 |
| 650 | 1 | 4 |
_aNOVELA EGIPCIA - SIGLO XX _940053 |
| 700 | 1 |
_aPrieto, María Luisa _940054 |
|
| 942 |
_2ddc _cBK |
||
| 999 |
_c5383 _d5383 |
||